Tilastot visalle Amerikan suosituimmat pizzatäytteet

Klikkaa tästä pelataksesi tätä visaa!

Yleistilastot

  • Tätä visaa on pelattu 183 kertaa
  • Keskiarvotulos 4 / 9

Vastaustilastot

#Täyte% Oikein
8Kinkku
91%
9Ananas
87%
1Pepperoni
77%
5Sipuli
44%
10Paprika
39%
7Pekoni
32%
3Herkkusieni
29%
6Oliivi
29%
2Makkara
17%

Tulosjakauma

Persentiili vastausten määrän mukaan

Jokaisen tuloksen saaneiden osuus

Tuloshistoriasi

Et ole pelannut tätä visaa